000 00239nam a22001217a 4500
041 _aENG
100 _aRao.K.L
245 _aIndia's Water Wealth
260 _aDelhi
_bOrient Longman
_c1998
300 _a255
650 _a48
856 _u48
999 _c3119
_d3119